000 00236nam a2200097Ia 4500
001 687431
005 20250826161555.0
008 250824s9999 xx 000 0 und d
245 0 _aBÜYÜK TUZAK
_cASLI DER
260 _bGÜNIŞIĞI YAYINLARI
999 _c687431
_d687431